[Event "Giraldilla de La Habana op"]
[Site "Havana"]
[Date "2018.07.29"]
[Round "3"]
[White "Garcia Torres, Eldys"]
[Black "Valido Barroso, Melissa"]
[Result "0-1"]
[WhiteElo "1929"]
[BlackElo "1883"]
[PlyCount "54"]
[EventDate "2018.07.28"]
[EventType "swiss"]
[EventRounds "9"]
[EventCountry "CUB"]
[SourceTitle "EXT 2021"]
[Source "ChessBase"]
[SourceDate "2020.10.23"]
[SourceVersion "1"]
[SourceVersionDate "2020.10.23"]
[SourceQuality "1"]

1. e4 c5 2. Nc3 Nc6 3. g3 d6 4. Bg2 g6 5. d3 Bg7 6. Be3 Rb8 7. Qd2 e6 8. Nf3 Nge7 9. 0-0 0-0 10. Bh6 d5 11. Bxg7 Kxg7 12. exd5 exd5 13. d4 b6 14. h3 Bb7 15. Rad1 Na5 16. b3 c4 17. Ne5 cxb3 18. cxb3 Nac6 19. Ng4 Nf5 20. Nxd5 Ncxd4 21. Qb2 f6 22. Ngxf6 Rxf6 23. Rxd4 Nxd4 24. Qxd4 Bxd5 25. Bxd5 Qd6 26. Re1 Rd8 27. Rd1 Qc5 0-1

[Event "Giraldilla de La Habana op"]
[Site "Havana"]
[Date "2018.07.28"]
[Round "1"]
[White "Gonzalez Mompie, Reynier"]
[Black "Valido Barroso, Melissa"]
[Result "0-1"]
[WhiteElo "2054"]
[BlackElo "1883"]
[PlyCount "64"]
[EventDate "2018.07.28"]
[EventType "swiss"]
[EventRounds "9"]
[EventCountry "CUB"]
[SourceTitle "EXT 2021"]
[Source "ChessBase"]
[SourceDate "2020.10.23"]
[SourceVersion "1"]
[SourceVersionDate "2020.10.23"]
[SourceQuality "1"]

1. e4 c5 2. Nf3 d6 3. d4 cxd4 4. Nxd4 Nf6 5. Nc3 g6 6. Be3 Bg7 7. f3 Nc6 8. Qd2 0-0 9. g4 Be6 10. Nxe6 fxe6 11. h4 d5 12. g5 d4 13. gxf6 Bxf6 14. Bc4 Qc8 15. 0-0-0 dxc3 16. Qg2 Na5 17. Bb3 Nc4 18. Bxc4 Qxc4 19. Kb1 Qb5 20. b3 Kf7 21. f4 h5 22. e5 Bh8 23. f5 exf5 24. e6+ Kg7 25. Rd7 Qb4 26. Bd4+ Kh7 27. Rg1 Rg8 28. Qg5 Bxd4 29. Rxe7+ Qxe7 30. Qxe7+ Rg7 31. Qg5 Bxg1 32. Qxg1 Re8 0-1

[Event "Capablanca Memorial op 53rd"]
[Site "Havana"]
[Date "2018.05.17"]
[Round "8"]
[White "Gonzalez Rondon, Gelacio"]
[Black "Valido Barroso, Melissa"]
[Result "0-1"]
[WhiteElo "2186"]
[BlackElo "1822"]
[PlyCount "98"]
[EventDate "2018.05.09"]
[EventType "swiss"]
[EventRounds "10"]
[EventCountry "CUB"]
[SourceTitle "EXT 2021"]
[Source "ChessBase"]
[SourceDate "2020.10.23"]
[SourceVersion "1"]
[SourceVersionDate "2020.10.23"]
[SourceQuality "1"]

1. Nf3 Nf6 2. g3 d5 3. Bg2 c6 4. 0-0 Bg4 5. h3 Bf5 6. d3 h6 7. Nbd2 Nbd7 8. c4 e5 9. Qc2 Bd6 10. Rb1 0-0 11. e4 dxe4 12. dxe4 Bh7 13. b4 c5 14. a3 Qe7 15. b5 Rfd8 16. h4 Nf8 17. Bh3 Ne6 18. Bxe6 Qxe6 19. Kg2 Qg4 20. Re1 Nh5 21. Nf1 Nf4+ 22. Bxf4 exf4 23. Rbd1 fxg3 24. fxg3 Bc7 25. Rxd8+ Rxd8 26. Qe2 Re8 27. e5 Bf5 28. Kf2 f6 29. Ne3 Qg6 30. Nd5 Bxe5 31. Nxe5 fxe5 32. Qe3 Qd6 33. Kg2 b6 34. Kg1 e4 35. Rd1 Qe5 36. Nf4 Bg4 37. Rd2 Qa1+ 38. Kh2 Qc1 39. Ng2 Qxc4 40. Qf4 Be6 41. Qc7 Qxb5 42. Nf4 e3 43. Nxe6 Rxe6 44. Rd7 Qb2+ 45. Kh3 Qe5 46. Rd8+ Kh7 47. Qf7 e2 48. h5 Qxg3+ 49. Kxg3 e1Q+ 0-1

[Event "Capablanca Memorial op 53rd"]
[Site "Havana"]
[Date "2018.05.11"]
[Round "3"]
[White "Valido Barroso, Melissa"]
[Black "Blanco Milet, Leandro"]
[Result "1-0"]
[WhiteElo "1822"]
[BlackElo "2061"]
[PlyCount "103"]
[EventDate "2018.05.09"]
[EventType "swiss"]
[EventRounds "10"]
[EventCountry "CUB"]
[SourceTitle "EXT 2019"]
[Source "ChessBase"]
[SourceDate "2018.10.10"]
[SourceVersion "1"]
[SourceVersionDate "2018.10.10"]
[SourceQuality "1"]

1. e4 d5 2. exd5 Nf6 3. d4 Bg4 4. Nf3 Qxd5 5. Be2 Nc6 6. Nc3 Qh5 7. h3 0-0-0 8. Be3 e5 9. d5 Nxd5 10. Nxd5 e4 11. Ng5 Bxe2 12. Qxe2 Qxe2+ 13. Kxe2 Rxd5 14. Nxf7 Rg8 15. Ng5 Nd4+ 16. Bxd4 Rxg5 17. g3 Bd6 18. Rad1 g6 19. Bxa7 Ra5 20. Bd4 Rxa2 21. Ra1 Rxa1 22. Rxa1 Kd7 23. Ke3 Re8 24. h4 c5 25. Bc3 Rf8 26. Rf1 Bxg3 27. Rd1+ Kc6 28. fxg3 Rf3+ 29. Kxe4 Rxg3 30. Kf4 Rg2 31. Rd2 Rg1 32. Bg7 Rf1+ 33. Kg3 Rg1+ 34. Rg2 Rf1 35. Rf2 Rg1+ 36. Kf4 Kd5 37. Bh6 b5 38. Rd2+ Kc6 39. Re2 Rf1+ 40. Kg5 Rf5+ 41. Kg4 Rf7 42. Re6+ Kd5 43. Re3 c4 44. Bf4 Rf5 45. Re7 h5+ 46. Kf3 Rf6 47. Re5+ Kc6 48. Ke4 b4 49. Rg5 Re6+ 50. Kd4 Re2 51. Rc5+ Kd7 52. Rxc4 1-0

[Event "Universidad de Cienfuegos-C 10th"]
[Site "Cienfuegos"]
[Date "2018.02.26"]
[Round "13"]
[White "Valido Barroso, Melissa"]
[Black "Hidalgo Dibut, Alejandro"]
[Result "0-1"]
[WhiteElo "1865"]
[BlackElo "1994"]
[PlyCount "128"]
[EventDate "2018.02.20"]
[EventType "tourn"]
[EventRounds "14"]
[EventCountry "CUB"]
[SourceTitle "EXT 2021"]
[Source "ChessBase"]
[SourceDate "2020.10.23"]
[SourceVersion "1"]
[SourceVersionDate "2020.10.23"]
[SourceQuality "1"]

1. e4 c6 2. d4 d6 3. Nf3 Qc7 4. Nc3 e5 5. dxe5 dxe5 6. Bc4 Be7 7. 0-0 Nf6 8. a4 b6 9. h3 0-0 10. Bg5 h6 11. Bh4 Re8 12. Qe2 Nbd7 13. Rfd1 Nf8 14. Bg3 Ng6 15. Qe3 Nh5 16. Bh2 Nhf4 17. Ne2 Nxe2+ 18. Qxe2 Bc5 19. Qd3 a6 20. Qc3 Qe7 21. Rd3 Kh7 22. Rad1 f5 23. Qe1 Qf6 24. R3d2 fxe4 25. Qxe4 Bf5 26. Qe2 b5 27. axb5 axb5 28. Bb3 Nf4 29. Bxf4 exf4 30. Qf1 Qxb2 31. Kh1 Qf6 32. Nd4 Bg6 33. Nf3 Be4 34. Rd7 Re7 35. Qe2 Rae8 36. Rxe7 Rxe7 37. Qd2 Ra7 38. c3 Bf5 39. Qxf4 Bg6 40. Qd2 Ra3 41. Qb2 b4 42. Rc1 Kh8 43. Kg1 Be4 44. h4 Bxf3 45. gxf3 Qxf3 46. Bd1 Qg3+ 47. Kf1 Qh3+ 48. Ke1 Qh1+ 49. Ke2 Qxh4 50. Kf1 Qh1+ 51. Ke2 Qh4 52. Kf1 Qh3+ 53. Ke2 Rxc3 54. Rxc3 Qxc3 55. Qxc3 bxc3 56. f4 g6 57. Kd3 Bd6 58. Ke4 Kg7 59. f5 g5 60. Kd3 Be5 61. Bg4 Kf6 62. Kc2 Bd4 63. Kd3 c5 64. Kc2 Ke5 0-1

[Event "Universidad de Cienfuegos-C 10th"]
[Site "Cienfuegos"]
[Date "2018.02.20"]
[Round "1"]
[White "Ramos Martin, Lisandra"]
[Black "Valido Barroso, Melissa"]
[Result "1/2-1/2"]
[WhiteElo "1968"]
[BlackElo "1865"]
[PlyCount "74"]
[EventDate "2018.02.20"]
[EventType "tourn"]
[EventRounds "14"]
[EventCountry "CUB"]
[SourceTitle "EXT 2021"]
[Source "ChessBase"]
[SourceDate "2020.10.23"]
[SourceVersion "1"]
[SourceVersionDate "2020.10.23"]
[SourceQuality "1"]

1. d4 d5 2. c4 c6 3. Nf3 Nf6 4. Nc3 e6 5. e3 Bd6 6. Bd3 Nbd7 7. 0-0 0-0 8. e4 dxe4 9. Nxe4 Nxe4 10. Bxe4 Nf6 11. Bc2 h6 12. b3 b5 13. Bb2 Bb7 14. Qd3 bxc4 15. bxc4 Re8 16. Rfe1 Qe7 17. c5 Bc7 18. Ne5 Red8 19. f4 Rd5 20. Bb3 Rad8 21. Bxd5 Nxd5 22. f5 Bxe5 23. Rxe5 Bc8 24. Rf1 Qb7 25. fxe6 Bxe6 26. Qe2 Qd7 27. Qf2 Rb8 28. Bc1 Nb4 29. Qg3 Qxd4+ 30. Be3 Qg4 31. Qxg4 Bxg4 32. Rb1 Be6 33. Re4 a5 34. a3 Bf5 35. Rbxb4 axb4 36. Rxb4 Rxb4 37. axb4 Kf8 1/2-1/2

[Event "CUB-ch U18 Girls"]
[Site "Camaguey"]
[Date "2017.06.25"]
[Round "8.11"]
[White "Valido Barroso, Melissa"]
[Black "Magarino Carraleros, Daylin"]
[Result "0-1"]
[WhiteElo "1878"]
[BlackElo "1933"]
[PlyCount "184"]
[EventDate "2017.06.21"]
[EventType "swiss"]
[EventRounds "9"]
[EventCountry "CUB"]
[SourceTitle "EXT 2023"]
[Source "ChessBase"]
[SourceDate "2022.10.05"]
[SourceVersion "1"]
[SourceVersionDate "2022.10.05"]
[SourceQuality "1"]

1. e4 c5 2. Nf3 Nc6 3. Bb5 e6 4. 0-0 Nge7 5. c3 a6 6. Ba4 b5 7. Bc2 g6 8. d4 cxd4 9. cxd4 d5 10. e5 Bg7 11. Nc3 0-0 12. Be3 f6 13. exf6 Bxf6 14. Re1 Bg7 15. Qd2 Nf5 16. Rad1 Bd7 17. Ne2 Rc8 18. Bb1 Nxe3 19. Qxe3 Qf6 20. Nc1 Rf7 21. Nb3 Bf8 22. Rc1 Qf4 23. Nc5 Qxe3 24. Rxe3 Bh6 25. Ree1 Bxc1 26. Rxc1 a5 27. Ng5 Re7 28. Nxd7 Rxd7 29. Nxe6 Re7 30. Nf4 Rce8 31. Kf1 Nxd4 32. Nxd5 Rf7 33. Rd1 Nf5 34. Bd3 Kg7 35. Bxb5 Rb8 36. a4 Rd8 37. Ke1 Ne7 38. Nxe7 Rxe7+ 39. Be2 Rxd1+ 40. Kxd1 Kf6 41. Bc4 Ke5 42. Kd2 Kd4 43. Bb5 Rf7 44. f3 g5 45. b3 Rf6 46. Bd3 h6 47. h3 h5 48. Be2 Rb6 49. Bc4 h4 50. Bf7 Rd6 51. Bc4 Ke5+ 52. Ke3 Rd1 53. Bf7 Rg1 54. Kf2 Rc1 55. Ke3 Rc3+ 56. Kd2 Kd4 57. Be6 Rc6 58. Bf7 Kc5 59. Bc4 Kb4 60. Kd3 Rd6+ 61. Ke2 Kc3 62. Kf2 Rd2+ 63. Kf1 Kd4 64. Be6 Ke3 65. Kg1 Rd1+ 66. Kh2 Kf2 67. f4 gxf4 68. Bg4 Rb1 69. Be6 Ke3 70. Bc4 Kd4 71. Be6 Kc3 72. Bd5 Rxb3 73. Kg1 Rb2 74. Kf1 Kb4 75. Bc6 Ka3 76. Bd7 Rb4 77. Kf2 Rxa4 78. Bxa4 Kxa4 79. Kf3 Kb3 80. Kxf4 a4 81. Kg4 a3 82. Kxh4 a2 83. g4 a1Q 84. Kh5 Qg7 85. h4 Kc4 86. g5 Kd5 87. g6 Ke6 88. Kg5 Ke7 89. h5 Kf8 90. h6 Qe5+ 91. Kg4 Kg8 92. g7 Kh7 0-1

[Event "CUB-ch U18 Girls"]
[Site "Camaguey"]
[Date "2017.06.24"]
[Round "6.11"]
[White "Bosch Valls, Leannet Mariah"]
[Black "Valido Barroso, Melissa"]
[Result "1-0"]
[WhiteElo "1870"]
[BlackElo "1878"]
[PlyCount "75"]
[EventDate "2017.06.21"]
[EventType "swiss"]
[EventRounds "9"]
[EventCountry "CUB"]
[SourceTitle "EXT 2023"]
[Source "ChessBase"]
[SourceDate "2022.10.05"]
[SourceVersion "1"]
[SourceVersionDate "2022.10.05"]
[SourceQuality "1"]

1. e4 c5 2. d3 Nc6 3. Nf3 g6 4. g3 Bg7 5. Bg2 e5 6. Nc3 Nge7 7. 0-0 0-0 8. Re1 d6 9. h4 f5 10. h5 gxh5 11. Nh4 fxe4 12. Qxh5 Qe8 13. Qxe8 Rxe8 14. Nxe4 Rd8 15. c3 Rb8 16. Bd2 b5 17. Nf3 a5 18. Bg5 Kf7 19. Nfd2 Ba6 20. b3 Rbc8 21. Rac1 Nb8 22. c4 Nbc6 23. a3 b4 24. a4 Nd4 25. f4 h6 26. Bh4 Ndf5 27. Bh3 Rg8 28. Bxe7 Nxe7 29. Nxd6+ Kf8 30. Nxc8 Nxc8 31. Be6 Rh8 32. fxe5 h5 33. Nf3 Ne7 34. Nh4 Rh6 35. Bh3 Nc6 36. e6 Nd4 37. e7+ Ke8 38. Bd7+ 1-0

[Event "Camaguey 503 (Women)"]
[Site "Camaguey"]
[Date "2017.02.05"]
[Round "8.4"]
[White "Saiz Rodriguez, Daniel Evelio"]
[Black "Valido Barroso, Melissa"]
[Result "1-0"]
[WhiteElo "2082"]
[BlackElo "1883"]
[PlyCount "63"]
[EventDate "2017.02.01"]
[EventType "tourn"]
[EventRounds "9"]
[EventCountry "CUB"]
[SourceTitle "EXT 2023"]
[Source "ChessBase"]
[SourceDate "2022.10.05"]
[SourceVersion "1"]
[SourceVersionDate "2022.10.05"]
[SourceQuality "1"]

1. e4 c5 2. Nf3 d6 3. Nc3 g6 4. Bc4 Nc6 5. d4 cxd4 6. Nxd4 Bg7 7. Be3 Nf6 8. f3 Qb6 9. Nf5 Qxb2 10. Nxg7+ Kf8 11. Nd5 Kxg7 12. Rb1 Qe5 13. Qd2 Rd8 14. 0-0 b6 15. Nc7 Rb8 16. Rb5 d5 17. Nxd5 Ba6 18. Bh6+ Kh8 19. Bf4 Qd4+ 20. Qxd4 Nxd4 21. Bxb8 Bxb5 22. Bc7 Rc8 23. Bxb5 Nxb5 24. Be5 Rc6 25. Nxe7 Re6 26. Ba1 Nc7 27. Nd5 Ncxd5 28. exd5 Rd6 29. Be5 Rxd5 30. Bxf6+ Kg8 31. Re1 Kf8 32. Re2 1-0

[Event "Camaguey 503 (Women)"]
[Site "Camaguey"]
[Date "2017.02.02"]
[Round "4.2"]
[White "Del Rosario Silva, Dexnisi"]
[Black "Valido Barroso, Melissa"]
[Result "1/2-1/2"]
[WhiteElo "1773"]
[BlackElo "1883"]
[PlyCount "45"]
[EventDate "2017.02.01"]
[EventType "tourn"]
[EventRounds "9"]
[EventCountry "CUB"]
[SourceTitle "EXT 2023"]
[Source "ChessBase"]
[SourceDate "2022.10.05"]
[SourceVersion "1"]
[SourceVersionDate "2022.10.05"]
[SourceQuality "1"]

1. d4 Nf6 2. Bf4 g6 3. Nc3 Bg7 4. e4 d6 5. Qd2 Nbd7 6. Bh6 0-0 7. Bxg7 Kxg7 8. f3 c5 9. 0-0-0 a6 10. g4 b5 11. dxc5 Nxc5 12. e5 Ne8 13. h4 h6 14. exd6 Qxd6 15. Qe3 Qc6 16. Qxe7 Be6 17. g5 h5 18. Bh3 b4 19. Bxe6 bxc3 20. Bd5 Qb5 21. Qe5+ Kh7 22. Qxc3 Rb8 23. b3 1/2-1/2

[Event "Pan American-ch U18 Girls"]
[Site "Cali"]
[Date "2015.07.02"]
[Round "7"]
[White "Valido Barroso, Melissa"]
[Black "Basto, Suely"]
[Result "1/2-1/2"]
[WhiteElo "1918"]
[BlackElo "1774"]
[PlyCount "52"]
[EventDate "2015.06.28"]
[EventType "swiss"]
[EventRounds "9"]
[EventCountry "COL"]
[SourceTitle "EXT 2016"]
[Source "ChessBase"]
[SourceDate "2015.10.08"]
[SourceVersion "1"]
[SourceVersionDate "2015.10.08"]
[SourceQuality "1"]

1. e4 g6 2. d4 Bg7 3. Nf3 e6 4. Nc3 Ne7 5. Bg5 h6 6. Bh4 d6 7. h3 Nd7 8. Bc4 a6 9. a4 b6 10. 0-0 Bb7 11. Re1 g5 12. Bg3 Ng6 13. Qd2 0-0 14. Bb3 Nf6 15. Rad1 Nh5 16. Bh2 Nhf4 17. h4 Qf6 18. hxg5 hxg5 19. Ne2 Nh3+ 20. gxh3 Qxf3 21. Ng3 Nh4 22. Kf1 Ng2 23. Qxg5 Nf4 24. Nf5 Qh1+ 25. Qg1 Qxg1+ 26. Kxg1 Nxh3+ 1/2-1/2

[Event "Pan American-ch U18 Girls"]
[Site "Cali"]
[Date "2015.06.30"]
[Round "4"]
[White "Rozo, Claudia Magally"]
[Black "Valido Barroso, Melissa"]
[Result "0-1"]
[WhiteElo "1703"]
[BlackElo "1918"]
[PlyCount "53"]
[EventDate "2015.06.28"]
[EventType "swiss"]
[EventRounds "9"]
[EventCountry "COL"]
[SourceTitle "EXT 2016"]
[Source "ChessBase"]
[SourceDate "2015.10.08"]
[SourceVersion "1"]
[SourceVersionDate "2015.10.08"]
[SourceQuality "1"]

1. d4 d5 2. Nf3 Nf6 3. Bf4 Bf5 4. Nbd2 Nbd7 5. e3 e6 6. c4 Be7 7. Qb3 Qc8 8. Rc1 h6 9. h3 0-0 10. Be2 c5 11. cxd5 Nxd5 12. Bh2 N5b6 13. a4 a5 14. 0-0 Qd8 15. Qb5 Rc8 16. Qxa5 Ra8 17. Qb5 Nxa4 18. Qxb7 Nab6 19. Bc7 Qc8 20. Qxc8 Rfxc8 21. Bxb6 Nxb6 22. Ra1 Rab8 23. Ra7 Bf8 24. Ba6 Rd8 25. Rc1 Nd7 26. Bb7 Bg6 27. Ra5 0-1

[Event "Pan American-ch U18 Girls"]
[Site "Cali"]
[Date "2015.06.29"]
[Round "3"]
[White "Valido Barroso, Melissa"]
[Black "Avila Fraire, Ameyalli"]
[Result "0-1"]
[WhiteElo "1918"]
[BlackElo "1740"]
[PlyCount "66"]
[EventDate "2015.06.28"]
[EventType "swiss"]
[EventRounds "9"]
[EventCountry "COL"]
[SourceTitle "EXT 2016"]
[Source "ChessBase"]
[SourceDate "2015.10.08"]
[SourceVersion "1"]
[SourceVersionDate "2015.10.08"]
[SourceQuality "1"]

1. e4 c5 2. Nf3 d6 3. d4 cxd4 4. Nxd4 Nf6 5. Nc3 a6 6. Bc4 e6 7. Bb3 Be7 8. 0-0 Bd7 9. h3 Nc6 10. Be3 0-0 11. Qd2 b5 12. a3 Qc7 13. Rad1 Ne5 14. Qe2 Rfc8 15. Kh1 Nc4 16. Bc1 Nxa3 17. Qd3 Nc4 18. Rfe1 Rab8 19. Qg3 a5 20. Bxc4 Qxc4 21. e5 dxe5 22. Qxe5 Qc5 23. Qg3 Bd6 24. Qd3 b4 25. Nb3 Qxf2 26. Rf1 Qg3 27. Qxd6 Qxd6 28. Rxd6 bxc3 29. bxc3 Ba4 30. Nxa5 Ne4 31. Rd3 Bxc2 32. Rdf3 Rb5 33. Kg1 f5 0-1